[Event "Reykjavik op"]
[Site "Reykjavik"]
[Date "2013.02.21"]
[Round "4"]
[White "Grandelius, Nils"]
[Black "Li, Wenliang"]
[Result "1/2-1/2"]
[WhiteElo "2566"]
[BlackElo "2411"]
[PlyCount "41"]
[EventDate "2013.02.19"]
[EventType "swiss"]
[EventRounds "10"]
[EventCountry "ISL"]
[SourceTitle "CBM 153 Extra"]
[Source "ChessBase"]
[SourceDate "2013.04.22"]
[SourceVersion "1"]
[SourceVersionDate "2013.04.22"]
[SourceQuality "1"]

1. e4 e5 2. Nf3 Nc6 3. Bb5 a6 4. Ba4 Nf6 5. 0-0 Be7 6. d3 d6 7. c3 0-0 8. Nbd2 b5 9. Bc2 Re8 10. Re1 Bf8 11. Nf1 h6 12. Ng3 Be6 13. d4 Bg4 14. Be3 d5 15. h3 exd4 16. cxd4 dxe4 17. Nxe4 Bf5 18. Nxf6+ Qxf6 19. Bxf5 Qxf5 20. Rc1 Nb4 21. Bd2 1/2-1/2

[Event "Reykjavik op"]
[Site "Reykjavik"]
[Date "2013.02.20"]
[Round "3"]
[White "Li, Wenliang"]
[Black "Ipatov, Alexander"]
[Result "1/2-1/2"]
[WhiteElo "2411"]
[BlackElo "2569"]
[PlyCount "30"]
[EventDate "2013.02.19"]
[EventType "swiss"]
[EventRounds "10"]
[EventCountry "ISL"]
[SourceTitle "CBM 153 Extra"]
[Source "ChessBase"]
[SourceDate "2013.04.22"]
[SourceVersion "1"]
[SourceVersionDate "2013.04.22"]
[SourceQuality "1"]

1. d4 Nf6 2. c4 e6 3. Nc3 d5 4. cxd5 exd5 5. Bg5 c6 6. e3 Be7 7. Bd3 Nbd7 8. Nf3 Nf8 9. Qc2 Ne6 10. Bh4 g6 11. 0-0 0-0 12. Rab1 Ng7 13. b4 a6 14. a4 Bf5 15. Bxf5 Nxf5 1/2-1/2

[Event "Reykjavik op"]
[Site "Reykjavik"]
[Date "2013.02.19"]
[Round "1"]
[White "Li, Wenliang"]
[Black "Hardarson, Jon Trausti"]
[Result "1-0"]
[WhiteElo "2411"]
[BlackElo "1853"]
[PlyCount "57"]
[EventDate "2013.02.19"]
[EventType "swiss"]
[EventRounds "10"]
[EventCountry "ISL"]
[SourceTitle "CBM 153 Extra"]
[Source "ChessBase"]
[SourceDate "2013.04.22"]
[SourceVersion "1"]
[SourceVersionDate "2013.04.22"]
[SourceQuality "1"]

1. d4 Nf6 2. c4 e6 3. Nf3 Bb4+ 4. Bd2 Qe7 5. g3 0-0 6. Bg2 Nc6 7. Nc3 Bxc3 8. Bxc3 Ne4 9. Rc1 d6 10. 0-0 a5 11. Be1 f5 12. d5 Nd8 13. Nd2 Nxd2 14. Bxd2 e5 15. c5 b6 16. cxb6 cxb6 17. Qb3 Nb7 18. Qxb6 Nc5 19. Be3 Ra6 20. Qb5 Bd7 21. Qc4 Rb8 22. Bxc5 Bb5 23. Qc2 dxc5 24. Qxc5 Bxe2 25. Rfe1 Rf6 26. Qc2 Ba6 27. Qc3 Rbf8 28. Rxe5 Qf7 29. f4 1-0

[Event "World Cities-ch KO"]
[Site "Al Ain"]
[Date "2012.12.25"]
[Round "1.11"]
[White "Fedorchuk, Sergey A"]
[Black "Li, Wenliang"]
[Result "1-0"]
[WhiteElo "2661"]
[BlackElo "2424"]
[PlyCount "97"]
[EventDate "2012.12.22"]
[EventType "team-k.o."]
[EventRounds "4"]
[EventCountry "UAE"]
[SourceTitle "CBM 152"]
[Source "ChessBase"]
[SourceDate "2013.01.15"]
[SourceVersion "1"]
[SourceVersionDate "2013.01.15"]
[SourceQuality "1"]
[WhiteTeam "Lvov"]
[BlackTeam "Wu Xi"]
[WhiteTeamCountry "UKR"]
[BlackTeamCountry "CHN"]

1. e4 c6 2. Nc3 d5 3. Nf3 Bg4 4. h3 Bh5 5. exd5 cxd5 6. Bb5+ Nc6 7. g4 Bg6 8. Ne5 Rc8 9. d4 e6 10. h4 f6 11. Nxg6 hxg6 12. Qd3 Kf7 13. Bxc6 Rxc6 14. Bd2 Qa5 15. h5 gxh5 16. Rxh5 Rxh5 17. gxh5 Ne7 18. h6 gxh6 19. Qh7+ Bg7 20. Bxh6 Nf5 21. Bxg7 Nxg7 22. 0-0-0 Rxc3 23. bxc3 Qxc3 24. Qd3 Qa5 25. Qb3 b6 26. c4 Nf5 27. cxd5 exd5 28. Qh3 Ne7 29. Rd2 Qb4 30. Qd3 Ke8 31. a3 Qd6 32. Qa6 Qc7+ 33. Kd1 Qc4 34. Qxc4 dxc4 35. f3 Kd7 36. Rh2 b5 37. Rh5 f5 38. Rh6 Nc6 39. d5 Nd4 40. Ra6 Nxf3 41. Ke2 Ne5 42. Kd2 f4 43. Kc3 f3 44. Rf6 a5 45. Kd4 Nd3 46. Rxf3 b4 47. axb4 axb4 48. Rf7+ Ke8 49. Rb7 1-0

[Event "All China Games 4th"]
[Site "Hefei"]
[Date "2010.05.20"]
[Round "11"]
[White "Wu, Wenjin"]
[Black "Li, Wenliang"]
[Result "1-0"]
[WhiteElo "2407"]
[BlackElo "2441"]
[PlyCount "105"]
[EventDate "2010.05.17"]
[EventType "swiss (rapid)"]
[EventRounds "11"]
[EventCountry "CHN"]
[SourceTitle "CBM 136 Extra"]
[Source "ChessBase"]
[SourceDate "2010.07.02"]
[SourceVersion "2"]
[SourceVersionDate "2010.07.15"]
[SourceQuality "1"]

1. Nf3 Nf6 2. c4 e6 3. g3 d5 4. Bg2 dxc4 5. Qa4+ Nbd7 6. Qxc4 a6 7. Qc2 c5 8. 0-0 b6 9. Ne5 Nd5 10. Nxd7 Qxd7 11. b3 Be7 12. Bb2 0-0 13. Nc3 Bb7 14. Nxd5 Bxd5 15. e4 Bb7 16. Rad1 Rac8 17. Qb1 Rfd8 18. d4 cxd4 19. Bxd4 Qb5 20. Qb2 Bf8 21. a3 Rd7 22. Bf3 Rcd8 23. b4 Qa4 24. Qa1 Qb3 25. Be3 Rxd1 26. Bxd1 Qc4 27. Bxb6 Rd2 28. Bf3 Ra2 29. Qc1 Rc2 30. Qf4 h6 31. Qb8 Qc8 32. Qxc8 Rxc8 33. Bg2 Rc3 34. Ra1 f5 35. e5 Bxg2 36. Kxg2 g5 37. Ba5 Kf7 38. a4 Rb3 39. Rc1 f4 40. Rc6 Bg7 41. Rxa6 Bxe5 42. b5 f3+ 43. Kh3 Rb2 44. Bc7 Bxc7 45. Ra7 Kf6 46. Rxc7 Rxf2 47. a5 Rb2 48. b6 f2 49. Kg2 e5 50. Rc8 e4 51. Rf8+ Ke7 52. Rxf2 Rb5 53. Ra2 1-0

[Event "All China Games 4th"]
[Site "Hefei"]
[Date "2010.05.18"]
[Round "4"]
[White "Li, Wenliang"]
[Black "Zhou, Weiqi"]
[Result "1/2-1/2"]
[WhiteElo "2441"]
[BlackElo "2585"]
[PlyCount "42"]
[EventDate "2010.05.17"]
[EventType "swiss (rapid)"]
[EventRounds "11"]
[EventCountry "CHN"]
[SourceTitle "CBM 136 Extra"]
[Source "ChessBase"]
[SourceDate "2010.07.02"]
[SourceVersion "2"]
[SourceVersionDate "2010.07.15"]
[SourceQuality "1"]

1. d4 Nf6 2. c4 c5 3. d5 e6 4. Nc3 exd5 5. cxd5 d6 6. Nf3 g6 7. Nd2 Nbd7 8. e4 Bg7 9. Be2 0-0 10. 0-0 Re8 11. a4 a6 12. Qc2 Ne5 13. Ra3 Rb8 14. a5 g5 15. Re1 h6 16. Nf1 b5 17. axb6 Rxb6 18. Ng3 Qc7 19. Nd1 Qb8 20. Ne3 Bf8 21. f3 Qb7 1/2-1/2

[Event "All China Games 4th"]
[Site "Hefei"]
[Date "2010.05.17"]
[Round "2"]
[White "Li, Wenliang"]
[Black "Gu, Xiaobing"]
[Result "1/2-1/2"]
[WhiteElo "2441"]
[BlackElo "2361"]
[PlyCount "88"]
[EventDate "2010.05.17"]
[EventType "swiss (rapid)"]
[EventRounds "11"]
[EventCountry "CHN"]
[SourceTitle "CBM 136 Extra"]
[Source "ChessBase"]
[SourceDate "2010.07.02"]
[SourceVersion "2"]
[SourceVersionDate "2010.07.15"]
[SourceQuality "1"]

1. d4 Nf6 2. c4 g6 3. Nc3 Bg7 4. e4 d6 5. Be2 0-0 6. Nf3 e5 7. 0-0 Na6 8. Re1 c6 9. Bf1 Bg4 10. d5 c5 11. Be2 Ne8 12. a3 Bd7 13. Rb1 f5 14. Ng5 Nac7 15. exf5 gxf5 16. f4 e4 17. Be3 Rb8 18. Qd2 h6 19. Nh3 b5 20. b4 cxb4 21. axb4 bxc4 22. Bxc4 Nb5 23. Bxb5 Bxb5 24. Nf2 Qd7 25. Bd4 Nf6 26. g4 fxg4 27. Nfxe4 Nh5 28. Bxg7 Qxg7 29. Nxb5 Rxb5 30. Nxd6 Rb6 31. Ne8 Qd7 32. d6 Rxe8 33. Rxe8+ Qxe8 34. d7 Qd8 35. Qd5+ Kg7 36. Qxh5 Qxd7 37. Qe5+ Kg8 38. f5 Rb5 39. Qe6+ Qxe6 40. fxe6 Kf8 41. Ra1 Rb7 42. Ra6 h5 43. Kg2 Ke7 44. h3 gxh3+ 1/2-1/2

[Event "All China Games 4th"]
[Site "Hefei"]
[Date "2010.05.17"]
[Round "1"]
[White "Ni, Hua"]
[Black "Li, Wenliang"]
[Result "1-0"]
[WhiteElo "2667"]
[BlackElo "2441"]
[PlyCount "71"]
[EventDate "2010.05.17"]
[EventType "swiss (rapid)"]
[EventRounds "11"]
[EventCountry "CHN"]
[SourceTitle "CBM 136 Extra"]
[Source "ChessBase"]
[SourceDate "2010.07.02"]
[SourceVersion "2"]
[SourceVersionDate "2010.07.15"]
[SourceQuality "1"]

1. e4 Nf6 2. e5 Nd5 3. d4 d6 4. Nf3 g6 5. Bc4 Nb6 6. Bb3 Bg7 7. a4 a5 8. 0-0 0-0 9. h3 Nc6 10. Qe2 dxe5 11. dxe5 Nd4 12. Nxd4 Qxd4 13. Re1 Be6 14. Bxe6 fxe6 15. Nd2 Rf5 16. Nf3 Qc4 17. b3 Qxe2 18. Rxe2 Rd8 19. Bd2 Rd5 20. c4 Rd3 21. Bxa5 Rfxf3 22. gxf3 Rxb3 23. Bxb6 cxb6 24. Kg2 Rb4 25. Re4 g5 26. c5 Rb2 27. cxb6 Rxb6 28. a5 Rb5 29. Raa4 Bxe5 30. Reb4 Rxb4 31. Rxb4 Bc3 32. Rxb7 Bxa5 33. Rxe7 Bb4 34. Rxe6 Kf7 35. Rc6 Bd2 36. Kg3 1-0

[Event "Xing Qiu op"]
[Site "Lishui"]
[Date "2009.09.19"]
[Round "3"]
[White "Gu, Xiaobing"]
[Black "Li, Wenliang"]
[Result "1-0"]
[WhiteElo "2339"]
[BlackElo "2452"]
[PlyCount "55"]
[EventDate "2009.09.17"]
[EventType "swiss"]
[EventRounds "9"]
[EventCountry "CHN"]
[SourceTitle "CBM 132 Extra"]
[Source "ChessBase"]
[SourceDate "2009.11.03"]
[SourceVersion "1"]
[SourceVersionDate "2009.11.03"]
[SourceQuality "1"]

1. e4 e5 2. f4 d5 3. exd5 exf4 4. Bb5+ c6 5. Qe2+ Be7 6. dxc6 bxc6 7. Bc4 Nf6 8. Nf3 0-0 9. 0-0 Bc5+ 10. d4 Bxd4+ 11. Kh1 Be3 12. Bxe3 fxe3 13. Qxe3 Ba6 14. Nbd2 Qb6 15. Nd4 Bxc4 16. Nxc4 Qc5 17. Qd3 Rd8 18. Ne6 Rxd3 19. Nxc5 Rd5 20. Rad1 Kf8 21. Rxd5 cxd5 22. Ne5 a5 23. g4 Ra7 24. g5 Re7 25. Rf5 Ne8 26. g6 h6 27. Rxf7+ Rxf7 28. Ne6+ 1-0

[Event "Xing Qiu op"]
[Site "Lishui"]
[Date "2009.09.18"]
[Round "2"]
[White "Li, Wenliang"]
[Black "Lu, Yijie"]
[Result "1/2-1/2"]
[WhiteElo "2452"]
[BlackElo "2330"]
[PlyCount "69"]
[EventDate "2009.09.17"]
[EventType "swiss"]
[EventRounds "9"]
[EventCountry "CHN"]
[SourceTitle "CBM 132 Extra"]
[Source "ChessBase"]
[SourceDate "2009.11.03"]
[SourceVersion "1"]
[SourceVersionDate "2009.11.03"]
[SourceQuality "1"]

1. d4 Nf6 2. c4 g6 3. Nc3 Bg7 4. e4 d6 5. Be2 0-0 6. Nf3 e5 7. 0-0 Nc6 8. d5 Ne7 9. Nd2 a5 10. a3 Bd7 11. b3 c6 12. Ra2 Qc7 13. Rc2 Rfd8 14. Ndb1 Rac8 15. Rb2 h5 16. Bg5 Kh7 17. f4 exf4 18. Rxf4 Qb6+ 19. Kh1 Neg8 20. Rd2 Rf8 21. dxc6 Rxc6 22. h3 Bh6 23. Bxh6 Kxh6 24. Bf1 Kg7 25. Rdf2 Qc5 26. Qf3 Be6 27. Rxf6 Nxf6 28. Qxf6+ Kg8 29. Nb5 d5 30. exd5 Bxd5 31. Qb2 Be4 32. N1c3 Re6 33. b4 Qd4 34. Nd5 Qxb2 35. Rxb2 1/2-1/2

[Event "Xing Qiu op"]
[Site "Lishui"]
[Date "2009.09.17"]
[Round "1"]
[White "Tian, Tian"]
[Black "Li, Wenliang"]
[Result "0-1"]
[WhiteElo "2236"]
[BlackElo "2452"]
[PlyCount "108"]
[EventDate "2009.09.17"]
[EventType "swiss"]
[EventRounds "9"]
[EventCountry "CHN"]
[SourceTitle "CBM 132 Extra"]
[Source "ChessBase"]
[SourceDate "2009.11.03"]
[SourceVersion "1"]
[SourceVersionDate "2009.11.03"]
[SourceQuality "1"]

1. e4 Nf6 2. e5 Nd5 3. d4 d6 4. Nf3 dxe5 5. Nxe5 c6 6. c4 Nb4 7. Be3 Bf5 8. Nd3 e5 9. Nxb4 Bxb4+ 10. Nc3 0-0 11. Be2 Qa5 12. Qb3 exd4 13. Bxd4 Rd8 14. a3 Na6 15. Rd1 Bc5 16. Bxc5 Nxc5 17. Qb4 Qxb4 18. axb4 Ne6 19. 0-0 Nd4 20. Rfe1 Nc2 21. Rxd8+ Rxd8 22. Rd1 Rxd1+ 23. Nxd1 Nxb4 24. Ne3 Bd3 25. Kf1 Kf8 26. Ke1 Bxe2 27. Kxe2 g6 28. Kd2 Ke7 29. Kc3 c5 30. b3 Ke6 31. f3 b6 32. Ng4 Nc6 33. Ne3 h5 34. Nd5 Ne7 35. Nf4+ Ke5 36. Nd3+ Kd6 37. Nf4 Nf5 38. Nd3 Ne3 39. Ne1 a6 40. Kd3 Nf5 41. Kc3 b5 42. cxb5 axb5 43. b4 Ne3 44. bxc5+ Kxc5 45. Nd3+ Kd5 46. Nf4+ Ke5 47. Nd3+ Kf5 48. Ne1 Nf1 49. Kd3 Nxh2 50. Ke2 g5 51. Nc2 Ke5 52. Kf2 g4 53. Ne1 h4 54. fxg4 Nxg4+ 0-1

[Event "Seoul op"]
[Site "Seoul"]
[Date "2008.12.03"]
[Round "6"]
[White "Ehlvest, Jaan"]
[Black "Li, Wenliang"]
[Result "1/2-1/2"]
[WhiteElo "2581"]
[BlackElo "2443"]
[PlyCount "62"]
[EventDate "2008.12.01"]
[EventType "swiss"]
[EventRounds "9"]
[EventCountry "KOR"]
[SourceTitle "EXT 2010"]
[Source "ChessBase"]
[SourceDate "2010.11.25"]
[SourceVersion "1"]
[SourceVersionDate "2010.11.25"]
[SourceQuality "1"]

1. c4 e6 2. Nf3 d5 3. g3 Nf6 4. Bg2 dxc4 5. Qa4+ Nbd7 6. Qxc4 a6 7. Qc2 c5 8. Nc3 Ra7 9. 0-0 b6 10. d4 Bb7 11. e4 Be7 12. a4 0-0 13. Rd1 cxd4 14. Nxd4 Qa8 15. f3 Rc8 16. Be3 Ne5 17. Rac1 Bc5 18. Qe2 Qb8 19. Kh1 Nc6 20. Nc2 Bxe3 21. Nxe3 Ba8 22. Nc4 Na5 23. Nd6 Rd8 24. e5 Nb3 25. Rb1 Nd5 26. Nce4 Nc5 27. Nxc5 bxc5 28. Rdc1 Qb6 29. Rc4 Rc7 30. f4 Rb8 31. b3 h6 1/2-1/2

[Event "Seoul op"]
[Site "Seoul"]
[Date "2008.12.02"]
[Round "4"]
[White "Iwasaki, Yudai"]
[Black "Li, Wenliang"]
[Result "0-1"]
[WhiteElo "2110"]
[BlackElo "2443"]
[PlyCount "74"]
[EventDate "2008.12.01"]
[EventType "swiss"]
[EventRounds "9"]
[EventCountry "KOR"]
[SourceTitle "EXT 2010"]
[Source "ChessBase"]
[SourceDate "2010.11.25"]
[SourceVersion "1"]
[SourceVersionDate "2010.11.25"]
[SourceQuality "1"]

1. e4 Nf6 2. e5 Nd5 3. d4 d6 4. c4 Nb6 5. exd6 cxd6 6. b3 g6 7. Bb2 Bg7 8. Bd3 Nc6 9. Ne2 Nb4 10. Nbc3 Nxd3+ 11. Qxd3 0-0 12. 0-0 e6 13. Ba3 Re8 14. Ne4 d5 15. Nd6 Bf8 16. Nxe8 Bxa3 17. c5 Qxe8 18. cxb6 axb6 19. Nc3 Bd7 20. Rae1 Qd8 21. Nb5 Bf8 22. a4 Bg7 23. Rc1 Bc6 24. Rfd1 Qe7 25. Qg3 Qb4 26. h3 Bxb5 27. axb5 Bxd4 28. Rc2 Bc5 29. Qc7 Qxb3 30. Rdc1 Qxb5 31. Qxb7 Qa6 32. Qc7 Qd3 33. Rc3 Qd2 34. R1c2 Qe1+ 35. Kh2 Bd4 36. Qb7 Be5+ 37. g3 Ra1 0-1

[Event "Seoul op"]
[Site "Seoul"]
[Date "2008.12.02"]
[Round "3"]
[White "Li, Wenliang"]
[Black "Kim, Yongtae"]
[Result "1-0"]
[WhiteElo "2443"]
[BlackElo "1853"]
[PlyCount "73"]
[EventDate "2008.12.01"]
[EventType "swiss"]
[EventRounds "9"]
[EventCountry "KOR"]
[SourceTitle "EXT 2010"]
[Source "ChessBase"]
[SourceDate "2010.11.25"]
[SourceVersion "1"]
[SourceVersionDate "2010.11.25"]
[SourceQuality "1"]

1. c4 Nf6 2. Nc3 e6 3. d4 Bb4 4. Nf3 c5 5. e3 0-0 6. Bd3 d6 7. 0-0 Bxc3 8. bxc3 Nbd7 9. Nd2 Ne8 10. f4 f5 11. e4 Ndf6 12. e5 Nd7 13. Nf3 Rf7 14. Be3 b6 15. Qe2 g6 16. Rad1 Qc7 17. Bf2 Ba6 18. Rfe1 Nf8 19. d5 Ng7 20. Bh4 Re8 21. Qc2 Rd7 22. Bf1 Bb7 23. Bf6 h6 24. exd6 Qc8 25. Be7 Rexe7 26. dxe7 Rxe7 27. Ne5 Re8 28. Be2 Rd8 29. Bf3 Ne8 30. Rd2 Kg7 31. Red1 Qc7 32. Qa4 Nd6 33. Nc6 Bxc6 34. Qxc6 Rc8 35. Qxc7+ Rxc7 36. dxe6 Nxc4 37. Rd7+ 1-0

[Event "Seoul op"]
[Site "Seoul"]
[Date "2008.12.01"]
[Round "2"]
[White "Filippov, Anton"]
[Black "Li, Wenliang"]
[Result "1-0"]
[WhiteElo "2543"]
[BlackElo "2443"]
[PlyCount "111"]
[EventDate "2008.12.01"]
[EventType "swiss"]
[EventRounds "9"]
[EventCountry "KOR"]
[SourceTitle "EXT 2010"]
[Source "ChessBase"]
[SourceDate "2010.11.25"]
[SourceVersion "1"]
[SourceVersionDate "2010.11.25"]
[SourceQuality "1"]

1. e4 e5 2. Nf3 Nc6 3. Bb5 a6 4. Ba4 Nf6 5. 0-0 Be7 6. Re1 b5 7. Bb3 d6 8. c3 0-0 9. h3 Bb7 10. d4 Re8 11. Ng5 Rf8 12. Nf3 Re8 13. Nbd2 Bf8 14. d5 Nb8 15. Nf1 Nbd7 16. Bg5 h6 17. Bh4 c6 18. Ne3 Qc7 19. dxc6 Bxc6 20. Bxf6 Nxf6 21. Nd5 Nxd5 22. Bxd5 Rad8 23. Re2 Bd7 24. Ne1 Be6 25. Nc2 Rb8 26. Nb4 Rb6 27. Bb3 Qc5 28. Nd5 Rbb8 29. a4 Rec8 30. Nb4 Ra8 31. Bd5 Ra7 32. Qb3 Re8 33. Rd2 Qc7 34. Qa3 bxa4 35. Qxa4 Rb8 36. Bxe6 fxe6 37. Nc6 Rbb7 38. Nxa7 Rxa7 39. Qe8 Qe7 40. Qxe7 Bxe7 41. b4 Kf7 42. b5 a5 43. Kf1 a4 44. Rda2 Rb7 45. Rb1 d5 46. Rxa4 Bc5 47. Ke2 Ke7 48. Ra8 Bb6 49. Rc8 Bc7 50. f3 Kd6 51. Kd3 Ke7 52. c4 dxc4+ 53. Kxc4 Bb6 54. Rc6 Bd4 55. b6 Kd7 56. Kb5 1-0

[Event "Seoul op"]
[Site "Seoul"]
[Date "2008.12.01"]
[Round "1"]
[White "Li, Wenliang"]
[Black "Qu, Yanqiao"]
[Result "1-0"]
[WhiteElo "2443"]
[BlackElo "2144"]
[PlyCount "101"]
[EventDate "2008.12.01"]
[EventType "swiss"]
[EventRounds "9"]
[EventCountry "KOR"]
[SourceTitle "EXT 2010"]
[Source "ChessBase"]
[SourceDate "2010.11.25"]
[SourceVersion "1"]
[SourceVersionDate "2010.11.25"]
[SourceQuality "1"]

1. d4 d5 2. c4 dxc4 3. e3 Nf6 4. Bxc4 e6 5. Nf3 a6 6. 0-0 c5 7. Bd3 Nc6 8. Nc3 cxd4 9. exd4 Be7 10. Re1 0-0 11. Bg5 h6 12. Bh4 Bd7 13. Rc1 Rc8 14. Bb1 Be8 15. a3 g6 16. Ba2 Kg7 17. Qd2 b5 18. Bxf6+ Bxf6 19. Ne4 Be7 20. Nc5 Bxc5 21. Rxc5 Ne7 22. Qc3 Kh7 23. Ne5 Rxc5 24. Qxc5 Kg7 25. Ng4 Nf5 26. Ne3 Nxe3 27. fxe3 Bd7 28. Qd6 Bc8 29. Qxd8 Rxd8 30. Rc1 Bb7 31. Bxe6 Re8 32. Ba2 Rxe3 33. Rc7 Be4 34. Rxf7+ Kh8 35. Rf8+ Kg7 36. Rf7+ Kh8 37. Kf2 Rd3 38. Rf8+ Kg7 39. Rf7+ Kh8 40. Bb1 Rd2+ 41. Ke3 Bd5 42. Kxd2 Bxf7 43. Be4 Kg7 44. b4 Be8 45. Ke3 Kf6 46. Bb7 Ke7 47. Bxa6 Bc6 48. g3 Kd8 49. d5 Bd7 50. Kd4 Ke7 51. Ke5 1-0

[Event "Moscow Aeroflot op-B"]
[Site "Moscow"]
[Date "2006.02.13"]
[Round "7"]
[White "Li, Wenliang"]
[Black "Munguntuul, Batkhuyag"]
[Result "1/2-1/2"]
[WhiteElo "2443"]
[BlackElo "2261"]
[PlyCount "103"]
[EventDate "2006.02.07"]
[EventType "swiss"]
[EventRounds "9"]
[EventCountry "RUS"]
[SourceTitle "EXT 2007"]
[Source "ChessBase"]
[SourceDate "2006.11.23"]
[SourceVersion "1"]
[SourceVersionDate "2006.11.23"]
[SourceQuality "1"]

1. d4 Nf6 2. c4 c5 3. d5 e6 4. Nc3 exd5 5. cxd5 d6 6. e4 g6 7. h3 Bg7 8. Nf3 0-0 9. Bd3 Bd7 10. 0-0 b5 11. Re1 c4 12. Bc2 b4 13. Ne2 Re8 14. Ng3 Na6 15. Be3 Qc7 16. Bd4 Rad8 17. Qd2 Bb5 18. a4 bxa3 19. Qc3 axb2 20. Qxb2 Rb8 21. Qa3 Rb7 22. Qc3 Qd8 23. Ba4 Nc7 24. Bxb5 Nxb5 25. Qxc4 Qc8 26. Qd3 Nxd4 27. Nxd4 Nd7 28. Rac1 Nc5 29. Qc4 Bxd4 30. Qxd4 Qb8 31. Rc4 Rb1 32. Rxb1 Qxb1+ 33. Kh2 Qd3 34. Qxd3 Nxd3 35. Ra4 Nxf2 36. Rxa7 Nxe4 37. Nxe4 Rxe4 38. Rd7 Rd4 39. Rxd6 Kf8 40. Rd7 Ke8 41. Ra7 Rxd5 42. Kg3 Rd7 43. Ra6 Ke7 44. Kf4 h6 45. Rb6 Rd4+ 46. Kf3 Rd6 47. Rb4 Ke6 48. Re4+ Kd5 49. Rf4 f6 50. Ra4 h5 51. g4 h4 52. g5 1/2-1/2

[Event "Moscow Aeroflot op-B"]
[Site "Moscow"]
[Date "2006.02.12"]
[Round "6"]
[White "Nepomniachtchi, Ian"]
[Black "Li, Wenliang"]
[Result "1-0"]
[WhiteElo "2506"]
[BlackElo "2443"]
[PlyCount "127"]
[EventDate "2006.02.07"]
[EventType "swiss"]
[EventRounds "9"]
[EventCountry "RUS"]
[SourceTitle "EXT 2007"]
[Source "ChessBase"]
[SourceDate "2006.11.23"]
[SourceVersion "1"]
[SourceVersionDate "2006.11.23"]
[SourceQuality "1"]

1. e4 e5 2. Nf3 Nc6 3. Bb5 a6 4. Bxc6 dxc6 5. Nc3 f6 6. d4 exd4 7. Nxd4 c5 8. Nde2 Qxd1+ 9. Nxd1 Be6 10. h4 h5 11. Ne3 0-0-0 12. b3 Ne7 13. Bb2 Nc6 14. Nf4 Bf7 15. Nfd5 Re8 16. f3 f5 17. e5 Bxd5 18. Nxd5 Nxe5 19. 0-0-0 Bd6 20. Rhe1 b5 21. Kb1 Ng6 22. Bxg7 Rxe1 23. Rxe1 Rg8 24. Bf6 Kb7 25. Bg5 Bg3 26. Rh1 Be5 27. Rd1 Kc6 28. Ne3 Rf8 29. g4 hxg4 30. fxg4 fxg4 31. Nxg4 Bc3 32. h5 Rf5 33. Bd2 Bxd2 34. hxg6 Bc3 35. Rg1 Rg5 36. Ne5+ Rxe5 37. g7 Re1+ 38. Rxe1 Bxg7 39. Re6+ Kb7 40. Kc1 Bf8 41. Kd2 Bd6 42. Kd3 Bg3 43. Ke4 Bf2 44. Kf5 Bd4 45. Kg6 Bg1 46. Kf7 Bh2 47. Ke7 Bd6+ 48. Kd7 Kb6 49. c3 Kb7 50. a3 Kb6 51. c4 Ka5 52. Kc6 bxc4 53. bxc4 Ka4 54. Re3 Bf4 55. Rh3 Bd6 56. Rf3 a5 57. Rh3 Bg3 58. Kxc5 Bd6+ 59. Kc6 Bxa3 60. c5 Bb2 61. Kxc7 Kb5 62. Kd6 Bf6 63. c6 Bg5 64. Rh5 1-0

[Event "Minneapolis HB Global op"]
[Site "Minneapolis"]
[Date "2005.05.22"]
[Round "9"]
[White "Abrahamyan, Tatev"]
[Black "Li, Wenliang"]
[Result "0-1"]
[WhiteElo "2220"]
[BlackElo "2422"]
[PlyCount "66"]
[EventDate "2005.05.18"]
[EventType "swiss"]
[EventRounds "9"]
[EventCountry "USA"]
[SourceTitle "CBM 107"]
[Source "ChessBase"]
[SourceDate "2005.08.01"]
[SourceVersion "1"]
[SourceVersionDate "2005.08.01"]
[SourceQuality "1"]

1. e4 Nf6 2. e5 Nd5 3. d4 d6 4. c4 Nb6 5. exd6 cxd6 6. Nc3 g6 7. Be3 Bg7 8. Nf3 0-0 9. Be2 Nc6 10. 0-0 Bg4 11. b3 d5 12. c5 Nc8 13. Rb1 e6 14. b4 a6 15. a4 N8e7 16. b5 Bxf3 17. Bxf3 Na5 18. bxa6 Rxa6 19. Be2 Ra8 20. Rb6 Nf5 21. Nb5 Ra6 22. Rxa6 bxa6 23. Na3 Nc6 24. Bxa6 Ncxd4 25. Bxd4 Nxd4 26. Nc2 Qa5 27. Nxd4 Qxa6 28. Nb5 Rc8 29. Qb3 Rxc5 30. Qb4 Bf8 31. Qh4 Rc4 32. Qd8 Rxa4 33. Nc7 Qd6 0-1

[Event "Minneapolis HB Global op"]
[Site "Minneapolis"]
[Date "2005.05.21"]
[Round "6"]
[White "Li, Wenliang"]
[Black "Jussupow, Artur"]
[Result "1/2-1/2"]
[WhiteElo "2422"]
[BlackElo "2601"]
[PlyCount "63"]
[EventDate "2005.05.18"]
[EventType "swiss"]
[EventRounds "9"]
[EventCountry "USA"]
[SourceTitle "CBM 107"]
[Source "ChessBase"]
[SourceDate "2005.08.01"]
[SourceVersion "1"]
[SourceVersionDate "2005.08.01"]
[SourceQuality "1"]

1. d4 Nf6 2. c4 e6 3. Nf3 d5 4. Nc3 Nbd7 5. cxd5 exd5 6. Bg5 Be7 7. e3 0-0 8. Bd3 Re8 9. 0-0 c6 10. Qc2 Nf8 11. h3 Be6 12. Rfc1 Rc8 13. Rab1 N6d7 14. Bf4 Ng6 15. Bh2 Ndf8 16. Na4 Bd6 17. Bxd6 Qxd6 18. b4 Nd7 19. Nc5 Nxc5 20. dxc5 Qc7 21. Nd4 Bd7 22. a4 Nf8 23. b5 g6 24. Qb2 Ne6 25. Rc2 Qa5 26. Nxe6 Rxe6 27. Qd4 Rce8 28. Rcb2 Re5 29. Rb4 Qd8 30. Qc3 Qa5 31. Qd4 Qd8 32. Qc3 1/2-1/2

[Event "Minneapolis HB Global op"]
[Site "Minneapolis"]
[Date "2005.05.20"]
[Round "4"]
[White "Li, Wenliang"]
[Black "Kujovic, Michal"]
[Result "1-0"]
[WhiteElo "2422"]
[BlackElo "2353"]
[PlyCount "95"]
[EventDate "2005.05.18"]
[EventType "swiss"]
[EventRounds "9"]
[EventCountry "USA"]
[SourceTitle "CBM 107"]
[Source "ChessBase"]
[SourceDate "2005.08.01"]
[SourceVersion "1"]
[SourceVersionDate "2005.08.01"]
[SourceQuality "1"]

1. d4 Nf6 2. c4 g6 3. Nc3 d5 4. Bf4 Bg7 5. Rc1 0-0 6. Nf3 a6 7. e3 dxc4 8. Bxc4 b5 9. Be2 Bb7 10. 0-0 Nbd7 11. a4 c6 12. h3 b4 13. Na2 a5 14. Ne5 Nd5 15. Nxd7 Qxd7 16. Bg3 f5 17. Bh2 f4 18. Bg4 Qd6 19. Qb3 Kh8 20. Rcd1 c5 21. Bf3 cxd4 22. exf4 Qd7 23. Nc1 Nxf4 24. Bxb7 Qxb7 25. Bxf4 Rxf4 26. Nd3 Rf5 27. Qe6 Bf6 28. Rc1 Qd5 29. Rfe1 Kg7 30. Rc7 Rd8 31. Qxd5 Rfxd5 32. Kf1 R8d7 33. Rxd7 Rxd7 34. Rc1 Rd5 35. Ke2 Be5 36. Kf3 Bd6 37. Ke4 e6 38. g4 h5 39. f4 Kf6 40. b3 Ke7 41. Rc8 Kd7 42. Rh8 Ke7 43. Rh7+ Kf8 44. Rb7 Be7 45. Rb8+ Kg7 46. Re8 Kf7 47. Rb8 Kg7 48. Rb6 1-0